| Tag |
First Indicator |
Second Indicator |
Subfields |
| LEADER |
00000cam a2200000 i 4500 |
| 001 |
in00005756049 |
| 005 |
20260326210321.7 |
| 006 |
m o d |
| 007 |
cr cn||||||||| |
| 008 |
140917t20152015ne a o 000 0 eng d |
| 040 |
|
|
|a E7B
|b eng
|e rda
|e pn
|c E7B
|d OCLCO
|d UIU
|d BTCTA
|d OCLCF
|d EBLCP
|d N$T
|d YDXCP
|d TEFOD
|d DEBSZ
|d OCLCO
|d OCLCQ
|d OCLCO
|d TEFOD
|d OCLCO
|d OCLCQ
|d OCLCO
|d OCLCQ
|d MERUC
|d OCLCQ
|d OCLCA
|d U3W
|d D6H
|d OCLCQ
|d AU@
|d OCLCQ
|d S2H
|d OCLCO
|d OCLCQ
|d OCLCO
|d OCLCL
|d OCLCQ
|
| 019 |
|
|
|a 890530133
|a 900007680
|a 957735767
|a 958081938
|
| 020 |
|
|
|a 9780128009246
|q (e-book)
|
| 020 |
|
|
|a 0128009241
|q (e-book)
|
| 020 |
|
|
|z 9780128020814
|
| 035 |
|
|
|a (OCoLC)891381931
|z (OCoLC)890530133
|z (OCoLC)900007680
|z (OCoLC)957735767
|z (OCoLC)958081938
|
| 037 |
|
|
|a B50A262A-BB3B-4602-B13C-9DAF80808998
|b OverDrive, Inc.
|n http://www.overdrive.com
|
| 050 |
|
4 |
|a HF5549.5.E43
|b .J33 2015eb
|
| 072 |
|
7 |
|a BUS
|x 082000
|2 bisacsh
|
| 072 |
|
7 |
|a BUS
|x 041000
|2 bisacsh
|
| 072 |
|
7 |
|a BUS
|x 042000
|2 bisacsh
|
| 072 |
|
7 |
|a BUS
|x 085000
|2 bisacsh
|
| 082 |
0 |
4 |
|a 658.473
|2 23
|
| 049 |
|
|
|a TXAM
|
| 100 |
1 |
|
|a Jackson, Rosalind W.,
|e author.
|
| 245 |
1 |
0 |
|a Preventing workplace violence :
|b a training guide for managers and supervisors : proven practices /
|c Rosalind W. Jackson.
|
| 264 |
|
1 |
|a Amsterdam, Netherlands :
|b Elsevier,
|c 2015.
|
| 264 |
|
4 |
|c ©2015
|
| 300 |
|
|
|a 1 online resource (10 pages) :
|b illustrations (some color)
|
| 336 |
|
|
|a text
|b txt
|2 rdacontent
|
| 337 |
|
|
|a computer
|b c
|2 rdamedia
|
| 338 |
|
|
|a online resource
|b cr
|2 rdacarrier
|
| 490 |
1 |
|
|a Security Executive Council : risk management portfolio
|
| 588 |
0 |
|
|a Online resource; title from PDF title page (ebrary, viewed September 17, 2014).
|
| 505 |
0 |
|
|a Front Cover; Preventing Workplace Violence: A Training Guide for Managers and Supervisors; Copyright Page; Contents; Executive Summary; What are Proven Practices?; Preventing Workplace Violence: A Training Guide for Managers and Supervisors; A Proven Practices Presentation.
|
| 520 |
|
|
|a Preventing Workplace Violence: A Training Guide for Managers and Supervisors is a video presentation. Length: 25 minutes. In Preventing Workplace Violence: A Training Guide for Managers and Supervisors, presenter Rosalind W. Jackson provides the fundamentals of workplace violence prevention, including initial program development. This presentation explains the components needed to develop a good baseline program, and focuses on recognizing patterns of unacceptable behavior. It addresses policy development and expert consultation considerations, along with the use of education and team coordi.
|
| 650 |
|
0 |
|a Employee crimes
|x Prevention.
|
| 650 |
|
0 |
|a Violence
|x Forecasting.
|
| 650 |
|
0 |
|a Violence in the workplace
|x Prevention.
|
| 650 |
|
6 |
|a Violence
|x Prévision.
|
| 650 |
|
7 |
|a BUSINESS & ECONOMICS
|x Industrial Management.
|2 bisacsh
|
| 650 |
|
7 |
|a BUSINESS & ECONOMICS
|x Management.
|2 bisacsh
|
| 650 |
|
7 |
|a BUSINESS & ECONOMICS
|x Management Science.
|2 bisacsh
|
| 650 |
|
7 |
|a BUSINESS & ECONOMICS
|x Organizational Behavior.
|2 bisacsh
|
| 650 |
|
7 |
|a Employee crimes
|x Prevention
|2 fast
|
| 650 |
|
7 |
|a Violence
|x Forecasting
|2 fast
|
| 650 |
|
7 |
|a Violence in the workplace
|x Prevention
|2 fast
|
| 655 |
|
7 |
|a Electronic books.
|2 local
|
| 710 |
2 |
|
|a ScienceDirect (Online service)
|
| 758 |
|
|
|i has work:
|a Preventing Workplace Violence (Online) (Text)
|1 https://id.oclc.org/worldcat/entity/E39PCXCTXV8WMfJpXYYYJG7pdP
|4 https://id.oclc.org/worldcat/ontology/hasWork
|
| 776 |
0 |
8 |
|i Print version:
|a Jackson, Rosalind W.
|t Preventing workplace violence : a training guide for managers and supervisors : proven practices.
|d Amsterdam, Netherlands : Elsevier, ©2015
|h approximately 10 pages
|k Security Executive Council risk management portfolio.
|z 9780128020814
|
| 830 |
|
0 |
|a Security Executive Council risk management portfolio.
|
| 856 |
4 |
0 |
|u http://proxy.library.tamu.edu/login?url=https://www.sciencedirect.com/science/book/9780128009246
|z Connect to the full text of this electronic book
|t 0
|
| 936 |
|
|
|a BATCHLOAD
|
| 955 |
|
|
|a Elsevier ScienceDirect 2026-2027
|
| 994 |
|
|
|a 92
|b TXA
|
| 999 |
f |
f |
|i 4cf53559-066e-41f7-8c75-796386c1ce75
|s c5a1020f-d995-44c5-b8fa-596d6d60de51
|t 0
|
| 952 |
f |
f |
|a Texas A&M University
|b College Station
|c Electronic Resources
|s www_evans
|d Available Online
|t 0
|e HF5549.5.E43 .J33 2015eb
|h Library of Congress classification
|
| 998 |
f |
f |
|a HF5549.5.E43 .J33 2015eb
|t 0
|l Available Online
|